| 000 | 00544cab a2200205 4500 | ||
|---|---|---|---|
| 001 | WB2646-07 | ||
| 008 | 090401t1990 xxu||||| |||| 00| 0 eng d | ||
| 035 | _a(Sirsi) u28740 | ||
| 041 | _aeng | ||
| 245 | _aTobacco Dock | ||
| 260 | _c1990 | ||
| 350 | _a0 | ||
| 490 |
_aSunday Times _v18/11/90 p9 |
||
| 520 | _aThe Tobacco Dock shopping centre has gone into receivership as the latest Docklands casualty. | ||
| 650 | _aCANARY WHARF | ||
| 650 | _aWAPPING | ||
| 690 | _aPROPERTY-COMMERCIAL PROPERTY | ||
| 942 | _n0 | ||
| 948 | _c04/03/1997 | ||
| 999 |
_c19326 _d19326 |
||